000 00522nam a2200205 a 4500
999 _c4263
_d4263
001 4263
003 BD-JhCC
005 20171126190528.0
008 171119s1972 USA |||| ||a| 000 0 eng d
035 _a(BD-JhCC)
040 _aBD-JhCC
_dBD-JhCC
041 _aeng
082 _a428.6
_bMAT 1972
245 _aFriendly with Earth :
_bKey to reading /
_cLouise Matteoni ... [et al.]
260 _aUSA :
_bOklahoma,
_c1972
300 _a444 p. :
_c26 cm.
650 _aReaders
700 _aMatteoni, Louise
942 _2ddc
_cBK